000 00949nam a2200241 a 4500
003 OSt
005 20240315113515.0
008 240313s2023 mx a|||| |||| 001 0 spa d
020 _a978-607-12-632-9
040 _cCHAP
090 _aCD-525
245 1 0 _aSeguridad hidríca y alimentaria ante el cambio climático /
_ccompilado por Adán Guillermo Ramírez García ...[y otros cuatro].
264 1 _aChapingo, Méx. :
_bUACH.
_c2023.
300 _a291 páginas :
_bfiguras, cuadros.
504 _aIncluye referencias bibliográficas páginas : 32-32, 80,108-112, 136-140, 162-164,186-189, 212-213, 237-238, 256, 273-275.
650 4 _9103673
_aSeguridad alimentaria
650 4 _9128247
_aCambios climáticos
_xCondiciones rurales
650 4 _9186253
_aAbastecimiento de agua
650 4 _932027
_aDesarrollo de la comunidad rural
_xSonora
700 1 _994003
_aRamírez García, Adán Guillermo
_eCompilador.
942 _2local
942 _cCD
999 _c219800
_d219800